Wichtige Albanische Helden - Statistiken

Allgemein
  • Dieses Quiz wurde 15 mal gespielt
  • Das Durchschnittsergebnis liegt bei 7 aus 32
Antwortstatistiken
Bildquiz Antwort % Korrekt
Skanderbeg
89%
Adem Jashari
78%
Ismail Qemali
67%
Abdyl Frashëri
33%
Tahir Sinani
33%
Agim Ramadani
22%
Azem Galica
22%
Çerçiz Topulli
22%
Isa Boletini
22%
Luigj Gurakuqi
22%
Mic Sokoli
22%
Naim Frashëri
22%
Teuta
22%
Ahmet Delia
11%
Ali Pashë Gucia
11%
Bajram Curri
11%
Beqir Sefa/Gashi
11%
Ded Gjo Luli
11%
Dervish Shaqa
11%
Hasan Prishtina
11%
Idriz Seferi
11%
Mehmet Shpendi
11%
Mujdin Aliu
11%
Mujë Krasniqi
11%
Osman Sefa
11%
Oso Kuka
11%
Salih Bajrami
11%
Sefë Koshare
11%
Selman Kadria
11%
Shaban Jashari
11%
Shaban Polluzha
11%
Tahir Meha
11%
Keine übereinstimmenden Quizze gefunden
Verteilung der Resultate
Anzahl Personen mit jedem Resultat
Perzentil nach korrekt beantworteten Fragen
Ihre Resultats-Entwicklung
Sie haben dieses Quiz noch nicht gespielt